000 00329nam a22001457a 4500
008 230515b ||||| |||| 00| 0 eng d
020 _a2740286195172
041 _aeng
080 _2SEVENTH EDITION
_a658
082 _a658NOR
100 _a24
101 _aLIDERSHIP
245 _aLEADERSHIP
_cNORTHOUSE.G.P
942 _2udc
_cBK
999 _c59710
_d59710